Catálogo
 En Linea

Out of the whirlwind : (Registro nro. 34866)

Detalles MARC
000 -CABECERA
campo de control de longitud fija 00535nam a2200157 a 4500
001 - NÚMERO DE CONTROL
campo de control 000035375
005 - FECHA Y HORA DE LA ÚLTIMA TRANSACCIÓN
campo de control 20200930074309.0
008 - DATOS DE LONGITUD FIJA--INFORMACIÓN GENERAL
campo de control de longitud fija 111028s1968 xxua 000 0 spa d
040 ## - FUENTE DE LA CATALOGACIÓN
Centro catalogador/agencia de origen DO-SdBNP
Lengua de catalogación ing.
Centro/agencia transcriptor BNPHU
049 ## - FONDOS LOCALES (OCLC)
Fondos de biblioteca BNPD
100 1# - ENTRADA PRINCIPAL--NOMBRE DE PERSONA
Nombre de persona Friedlander, Albert H.
9 (RLIN) 61188
245 10 - MENCIÓN DE TÍTULO
Título Out of the whirlwind :
Resto del título a reader of holocaust literature /
Mención de responsabilidad, etc. Albert H. Friedlander.
260 ## - PUBLICACIÓN, DISTRIBUCIÓN, ETC.
Lugar de publicación, distribución, etc. New York :
Nombre del editor, distribuidor, etc. Doubleday ,
Fecha de publicación, distribución, etc. 1968.
300 ## - DESCRIPCIÓN FÍSICA
Extensión 536 p. :
Otras características físicas il. ;
Dimensiones 24 cm.
590 ## - NOTA LOCAL (RLIN)
Nota local Perteneció a la biblioteca personal de Juan Isidro Jimenes Grullón
Existencias
Estado de retiro Estado de pérdida Restricciones de uso No para préstamo Código de colección Localización permanente Ubicación/localización actual Ubicación en estantería Fecha de adquisición Número de inventario Total de préstamos Signatura topográfica completa Código de barras Fecha visto por última vez Precio válido a partir de Tipo de ítem Koha
      Excluido de préstamo Monografías: Libros y Folletos General General En catalogación 28.10.2011 LF1   35375-10 25.06.2020 25.06.2020 No se presta

Con tecnología Koha